Word Ladder: Baked Dessert Quiz Stats

Quiz Updated Jun 6, 2015

Challenge
Share
Tweet
Embed
Score 0/11 Timer 01:00
2 Plays Today
Hint Words % Correct
Hit someone with an open handSLAP
98.3%
Something you use when you wash your handsSOAP
98.1%
To shut a door with force, making noiseSLAM
97.8%
Liquid food eaten with a spoonSOUP
97.1%
Having an acid taste; like lemonsSOUR
96.1%
Run-down, squalid part of a citySLUM
94.5%
Traveling around from place to place, something musicians doTOUR
91.6%
The professor from Clue■PLUM■
88.7%
A small pie filled with cooked fruit or other sweetened preparation■TART■
81.1%
To describe or advertise boastfullyTOUT
74.6%
Tightly drawn; tenseTAUT
71%

Today's Daily Dose

Missing Word
The Killers Songs

Word Ladder
1967 Film

Quick Pick
Flag Names

On This Day
February 24th II

You're not logged in!

Compare scores with friends on all Sporcle quizzes.
Sign Up with Email
OR
Log In

You Might Also Like...

Show Comments

Extras

Top Quizzes Today


Score Distribution

Your Account Isn't Verified!

In order to create a playlist on Sporcle, you need to verify the email address you used during registration. Go to your Sporcle Settings to finish the process.